LIBRARY & INFORMATION CENTRE, KCAET, TAVANUR

ONLINE PUBLIC ACCESS CATALOGUE (OPAC)

Training in khadhi and village industries (Record no. 5752)

MARC details
000 -LEADER
fixed length control field 00399cam a2200169ua 4500
041 ## - LANGUAGE CODE
Language code of text/sound track or separate title eng
082 ## - DEWEY DECIMAL CLASSIFICATION NUMBER
Classification number 338
Item number KVI/TR
100 ## - MAIN ENTRY--AUTHOR NAME
Personal name KVIC, .
245 00 - TITLE STATEMENT
Title Training in khadhi and village industries
260 ## - PUBLICATION, DISTRIBUTION, ETC. (IMPRINT)
Place of publication Mumbai :
Name of publisher Khadi and Village Industries Commission ,
Year of publication 1961.
300 ## - PHYSICAL DESCRIPTION
Number of Pages 68 ; .
942 ## - ADDED ENTRY ELEMENTS (KOHA)
Koha item type Books
Holdings
Withdrawn status Lost status Damaged status Home library Current library Date acquired Full call number Accession Number Koha item type
      KAUAET KAUAET 07/04/2012 338 8581 Books
free website counter